000 00713nam a22001935i 4500
001 155084
003 ES-MaACL
005 20251014063219.0
008 040720s1842 xxk |||| | eng d
040 _aCAM
_bspa
_cCAM
100 1 _aHamilton, William Rowan,
_cSir,
_d1805-1865
_9154473
245 1 0 _aAddress to the Royal Geographical Society of London delivered at the anniversary meeting on the 23rd may 1842 /
_cby W.R. Hamilton.
260 _aLondon :
_bW. Clowes and sons,
_c1842.
300 _a57 p. ;
_c20 cm.
650 7 _aDescubrimientos geográficos
_2embne
_911827
710 2 _aRoyal Geographical Society.
_96466
852 _aES-MaACL
_jT-16-F-1
_z-- Enc. hol.
999 _c155084
_d155084